• 首页
  • 本馆介绍
  • 公告通知
  • 最新文献
  • 馆藏检索
  • 电子资源
  • 读者导购
  • 参考咨询
  • 我的图书馆
  • 登录
  • 详细信息显示
  • 放入我的书架
  • 预约/预借图书
  • 作者相关作品
  • 分类相关作品
  • 丛书相关作品
  • 出版社相关作品

书目信息

  • 表格格式
  • 工作单格式
  • 卡片格式
题名:
瓦尔登湖
    
 
作者: 梭罗 著 ;富翔强 译
分册:  
出版信息: 哈尔滨   北方文艺出版社  2019
页数: 227页
开本: 24cm
丛书名:
单 册:
中图分类: I712.64
科图分类:
主题词: 散文集--美国--近代
电子资源:
ISBN: 978-7-5317-3906-7
000 01696cam0 2200265 4545
001 012001007111
005 20131018150140.0
010    @a978-7-5317-3906-7@dCNY28.00
100    @a20190527d2019 em y0chiy50 ea
101 1  @achi@ceng
102    @aCN@b230000
105    @ay z 000cy
106    @ar
200 1  @a瓦尔登湖@9wa er deng hu@b专著@dWalden@f(美)亨利·戴维·梭罗著@g富翔强译@zeng
210    @a哈尔滨@c北方文艺出版社@d2019
215    @a227页@d24cm
314    @a亨利·戴维·梭罗(HenryDavidThoreau,1817-1862),美国作家、哲学家,毕业于哈佛大学,一生共创作了二十多部一流的散文集,被称为自然随笔的创始者,其文简练有力,朴实自然,富有思想性,在美国19世纪散文中独树一帜。其创作的《瓦尔登湖》在美国文学中被公认为是最受读者欢迎的非虚构作品。主要著作有《缅因森林》《瓦尔登湖》《马萨诸塞自然史》等。
330    @a本书详细地记录了作家在长达两年的时间里的日常生活状态以及所思所想,他在小木屋旁开荒种地,春种秋收,自给自足。他是一个自然之子,他崇尚自然,与自然交朋友,与湖水、森林和飞鸟对话,在林中观察动物和植物,在船上吹笛,在湖边钓鱼,晚上,在小木屋中记下自己的观察和思考。他追求精神生活,关注灵魂的成长,他骄傲地宣称:“每个人都是自己王国的国王,与这个王国相比,沙皇帝国也不过是一个卑微小国,犹如冰天雪地中的小雪团。”梭罗以他的实际行动告诉我们:人们所追求的大部分奢侈品,大部分的所谓生活的舒适,非但没有必要,而且对人类进步大有妨碍。《瓦尔登湖》记述了作者在简单生活中深入思考与重塑自我的心路历程,文笔宁静恬淡,引人深思,具有一种使人沉静的力量。
510 1  @aWalden@zeng
606 0  @a散文集@y美国@z近代
690    @aI712.64@v5
701  1 @c(美)@a梭罗@9suo luo@gThoreau, Henry David@f1817-1862@4著
702  0 @a富翔强@9fu xiang qiang@4译
801  2 @aCN@b上海新华@c20191020
905    @b1176067-70@dI712.64@e1204@f4
    
    瓦尔登湖=Walden/(美)亨利·戴维·梭罗著/富翔强译.-哈尔滨:北方文艺出版社,2019
    227页;24cm
    
    
    ISBN 978-7-5317-3906-7:CNY28.00
    本书详细地记录了作家在长达两年的时间里的日常生活状态以及所思所想,他在小木屋旁开荒种地,春种秋收,自给自足。他是一个自然之子,他崇尚自然,与自然交朋友,与湖水、森林和飞鸟对话,在林中观察动物和植物,在船上吹笛,在湖边钓鱼,晚上,在小木屋中记下自己的观察和思考。他追求精神生活,关注灵魂的成长,他骄傲地宣称:“每个人都是自己王国的国王,与这个王国相比,沙皇帝国也不过是一个卑微小国,犹如冰天雪地中的小雪团。”梭罗以他的实际行动告诉我们:人们所追求的大部分奢侈品,大部分的所谓生活的舒适,非但没有必要,而且对人类进步大有妨碍。《瓦尔登湖》记述了作者在简单生活中深入思考与重塑自我的心路历程,文笔宁静恬淡,引人深思,具有一种使人沉静的力量。
●
相关链接 在E读中查询图书 在五车中查询图书 在当当中查询图书 在豆瓣中查询图书


正题名:瓦尔登湖     索取号:I712.64/1204         预约/预借

序号 登录号 条形码 馆藏地/架位号 状态 备注
1 1176067   211760673   第一样本阅览室/ [索取号:I712.64/1204] 在馆    
2 1176068   211760682   第二借阅区/ [索取号:I712.64/1204] 在馆    
3 1176069   211760691   第二借阅区/ [索取号:I712.64/1204] 在馆    
4 1176070   211760708   第二借阅区/ [索取号:I712.64/1204] 在馆    
唐山师范学院图书馆 欢迎您!
大连网信软件有限公司© 版权所有